| 000 -ლიდერი |
| ფიქსირებული სიგრძის საკონტროლო ველი |
01985nam a22002657a 4500 |
| 003 - საკონტროლო ნომრის იდენტიფიკატორი |
| საკონტროლო ველი |
Ge_BSU |
| 005 - ბოლო ოპერაციის თარიღი და დრო |
| საკონტროლო ველი |
20210407172832.0 |
| 008 - ფიქსირებული სიგრძის მონაცემთა ელემენტები - ზოგადი ინფორმაცია |
| ფიქსირებული სიგრძის საკონტროლო ველი |
210407s1964 ge ||||| |||| 00| 0 geo d |
| 041 ## - ენის კოდი |
| Language code of text/sound track or separate title |
geo |
| 080 ## - უნივერსალური ათობითი კლასიფიკაციის ინდექსი |
| Universal Decimal Classification number |
581.9(479.22)(083.71) ს-32 |
| 245 ## - ცნობა სათაურის შესახებ |
| Title |
საქართველოს მცენარეების სარკვევი : |
| Remainder of title |
ტ. 1 / |
| Statement of responsibility, etc |
[მთ. რედ. ნ. კეცხოველი ; პასუხისმგებელი რედ. : ანა ხარაძე, შ. ქუთათელაძე ; ტომის შემდგ. : ქ. გაჩეჩილაძე, ა. დოლუხანოვი, ო. კაპელერი და სხვა] ; საქ. სსრ მეცნ. აკად., ბოტანიკის ინ-ტი. |
| 264 ## - წარმოების, გამოცემის, დისტრიბუციის და სხვა ცნობები |
| გამოცემის, წარმოების, დისტრიბუციის... ადგილი |
თბილისი : |
| გამოცემის, წარმოების, დისტრიბუციის... სახელწოდება |
მეცნიერება, |
| გამოცემის, წარმოების, დისტრიბუციის... თარიღი |
1964. |
| 300 ## - ფიზიკური აღწერა |
| Extent |
461 გვ. |
| Other physical details |
26 სმ. |
| 653 ## - INDEX TERM--UNCONTROLLED |
| Uncontrolled term |
საქართველოს მცენარეები |
| 653 ## - INDEX TERM--UNCONTROLLED |
| Uncontrolled term |
საქართველოს ფლორა |
| 653 ## - INDEX TERM--UNCONTROLLED |
| Uncontrolled term |
ბოტანიკა |
| 700 ## - ADDED ENTRY--PERSONAL NAME |
| Personal name |
კეცხოველი, ნ |
| Relator term |
მთავარი რედაქტორი |
| 9 (RLIN) |
11167 |
| 700 ## - ADDED ENTRY--PERSONAL NAME |
| Personal name |
ხარაძე, ანა |
| Relator term |
პასუხისმგებელი რედაქტორი |
| 9 (RLIN) |
11168 |
| 700 ## - ADDED ENTRY--PERSONAL NAME |
| Personal name |
ქუთათელაძე, შ. |
| Relator term |
პასუხისმგებელი რედაქტორი |
| 9 (RLIN) |
11169 |
| 700 ## - ADDED ENTRY--PERSONAL NAME |
| Personal name |
გაჩეჩილაძე, ქ. |
| Relator term |
ტომის შემდგენელი |
| 9 (RLIN) |
11170 |
| 700 ## - ADDED ENTRY--PERSONAL NAME |
| Personal name |
დოლუხანოვი, ა. |
| Relator term |
ტომის შემდგენელი |
| 9 (RLIN) |
11171 |
| 700 ## - ADDED ENTRY--PERSONAL NAME |
| Personal name |
კაპელერი, ო. |
| Relator term |
ტომის შემდგენელი |
| 9 (RLIN) |
11164 |
| 710 ## - ADDED ENTRY--CORPORATE NAME |
| Corporate name or jurisdiction name as entry element |
საქართველოს სსრ მეცნიერებათა აკადემია, ბოტანიკის ინსტიტუტი. |
| 9 (RLIN) |
11166 |
| 942 ## - ADDED ENTRY ELEMENTS (KOHA) |
| Source of classification or shelving scheme |
|
| Koha item type |
წიგნი |